Statistics for Türkiye'nin Yüzölçümü Bakımından En Büyük 10 İli

Click here to take the quiz!

General Stats

  • This quiz has been taken 1 852 times
  • The average score is 8 of 10

Answer Stats

km2SıralamaCevap% Correct
40.8381.Konya
99%
25.6323.Ankara
96%
28.1642.Sivas
89%
20.1176.Antalya
84%
25.0064.Erzurum
80%
20.9215.Van
75%
16.0109.Mersin
64%
15.16810.Diyarbakır
59%
16.9708.Kayseri
54%
19.2427.Şanlıurfa
50%

Score Distribution

Percentile by Number Answered

Percent of People with Each Score

Your Score History

You have not taken this quiz